|
|
|
|
| LEADER |
00000nab a2200000 a 4500 |
| 001 |
vtls000766623 |
| 003 |
SK-MaSNL |
| 005 |
20260304000958.0 |
| 008 |
140507c2001 xo 0 slo |
| 015 |
|
|
|a SNBRB2001/09-24703
|
| 035 |
|
|
|a CLN000118410
|
| 040 |
|
|
|a SNKBUCL
|b slo
|c SNKBUCL
|e AACR2
|
| 041 |
0 |
|
|a slo
|
| 044 |
|
|
|a xo
|c SK
|
| 080 |
|
|
|a 82.09:820 (73)-3(087.5)(048)
|2 1997
|
| 080 |
|
|
|a 820 (73)-3(087.5)(048)
|2 1997
|
| 100 |
1 |
|
|a Hučková, Dana,
|d 1965-
|4 aut
|9 164314
|
| 245 |
1 |
0 |
|a Príbehy s posolstvami
|c Dana Kršáková
|
| 650 |
0 |
7 |
|a príbehy o deťoch americké
|x recenzie
|2 snkbucl
|9 1224337
|
| 655 |
|
7 |
|a články z novín a časopisov
|2 snkbucl
|9 267496
|
| 773 |
0 |
|
|t Kultúrny život
|g Roč. 2, č. 18 (2001), s. 8
|x 1335-6976
|
| 787 |
0 |
8 |
|i Rec.:
|a Singer, Isaac Bashevis, 1904-1991
|t Príbehy detstva
|d Bratislava : Vydavateľstvo Spolku slovenských spisovateľov, c2000
|z 8088735734
|
| 850 |
|
|
|a Slovenská národná knižnica v Martine
|
| 852 |
|
|
|a SNK
|b KIS3GCP
|
| 958 |
|
|
|a LX
|
| 958 |
|
|
|a US
|
| 958 |
|
|
|a RC
|
| 992 |
|
|
|a RBX
|
| 999 |
|
|
|c 2533963
|d 2535893
|